LEADER 02984oam 22006854a 450 001 9911072423103321 005 20210209184915.0 010 $a9782760521223 010 $a2760521222 010 $a9781441600745 010 $a1441600744 035 $a(CKB)1000000000720277 035 $a(EBL)600283 035 $a(OCoLC)682540458 035 $a(SSID)ssj0000734517 035 $a(PQKBManifestationID)11483182 035 $a(PQKBTitleCode)TC0000734517 035 $a(PQKBWorkID)10723850 035 $a(PQKB)10259518 035 $a(CaBNvSL)thg00603841 035 $a(MiAaPQ)EBC3257407 035 $a(OCoLC)313461713 035 $a(MdBmJHUP)muse21126 035 $a(MiAaPQ)EBC600283 035 $a(Au-PeEL)EBL600283 035 $a(CaPaEBR)ebr11337610 035 $a(CaONFJC)MIL935243 035 $a(VaAlCD)20.500.12592/fnqxh7 035 $a(schport)gibson_crkn/2009-12-01/7/422393 035 $a(Perlego)2705943 035 $a(EXLCZ)991000000000720277 100 $a19960412d1995 uy 0 101 0 $afre 135 $aur|n|---||||| 181 $ctxt 182 $cc 183 $acr 200 12$aL'arsenal des subventions à l'exportation et l'OMC /$fEmmanuel Nyahoho 205 $a1st ed. 210 $aSainte-Foy [Que.] $cPresses de l'Universite? du Que?bec$d1996, c1995 215 $a1 online resource (120 p.) 300 $aDescription based upon print version of record. 311 08$a9782760508873 311 08$a2760508870 320 $aIncludes bibliographical references (p. [101]-107). 327 $aL'ARSENAL DES SUBVENTIONS A? L'EXPORTATION ET L'OMC; Table des matie?res; Liste des tableaux; Avant-propos; Introduction; Chapitre 1_Les enjeux e?conomiques des subventions; Chapitre 2_Les strate?gies nationales de promotion des exportations; Chapitre 3_L'accord relatif aux subventions et aux mesures compensatoires; Conclusion; Bibliographie 330 $aLes agences de promotion, de financement et d'assurance des exportations ne visent rien de moins que la maximisation des ventes a? l'e?tranger. Cet ouvrage pre?sente un examen des raisons d'e?tre de ces agences, une description synthe?tique de leurs activite?s (nature des programmes, structure administrative, re?sultats obtenus, etc.), une confrontation de leurs pratiques aux dispositions de l'Organisation mondiale du commerce sur les subventions et les droits compensatoires afin de conclure sur les facteurs susceptibles de freiner l'ardeur des pays a? recourir aux subventions a? des fins de compe?titiv 606 $aCommercial treaties 606 $aExport subsidies 608 $aElectronic books. 615 0$aCommercial treaties. 615 0$aExport subsidies. 676 $a382.41 700 $aNyahoho$b Emmanuel$01376073 801 0$bMdBmJHUP 801 1$bMdBmJHUP 906 $aBOOK 912 $a9911072423103321 996 $aL'arsenal des subventions à l'exportation et l'OMC$94559857 997 $aUNINA